000 00686nam a2200241 a 4500
001 0001-1138
003 ELIB.Books
008 150505 2010 eng
020 _a9780802827463
035 _a(ELIB.Books)0001-1293
092 _a225.6
_bLoa
100 _aLoader, William.
245 _aThe New Testament with Imagination:
_bA Fresh Approach to Its Writings and Themes
260 _aGrands Rapids
_bWilliam B. Eerdmans Publishing Company
_c2007
300 _a2005
_c23 Cm
500 _aC/o Moe Lwei
650 _aNew Testament
856 _nKBTS: Library
_uKBTS: Elib
942 _2ddc
_cBK
990 _a1
998 _cbat
_e2015-05-05
999 _c11138
_d11138